000 01084nam a22002657a 4500
999 _c65927
_d65927
005 20240530110850.0
008 200912s2019 ua a f b 000 0dara d
017 _a2018/22570
_bمصر. دار الكتب
020 _a9789777800594
040 _aEG-CaGPL
_cEG-CaGPL
082 0 4 _221
_a415\
_bأ إ
100 0 _aاحمد بن نزال الشمرى
245 1 2 _aالاستدلال عند النحاه :
_bدراسة نحوية اصولية تاصيلية فى معايير رد الاستدلال النحوى /
_cاعداد احمد بن نزال الشمرى
250 _aط.1
260 _aالقاهرة :
_bعالم الكتب،
_c2019
300 _a2 جزء ؛
_c24 سم.
504 _aيشتمل على ارجاعات ببليوجرافية
650 0 7 _aاللغة العربية
_xنحو
_2qrmak
650 0 7 _aاللغة العربية
_xالصرف
_2qrmak
650 0 7 _aاللغة العربية
_xالالفاظ
_2qrmak
651 _2qrmak
653 0 _aالاستدلال النحوى
942 _2ddc
_cBK